Η αποστολή του Φρόϋντ : ανάλυση της προσωπικότητας και της επιρροής του
Αποθηκεύτηκε σε:
| Κύριος συγγραφέας: | |
|---|---|
| Άλλοι συγγραφείς: | |
| Μορφή: | Βιβλίο |
| Γλώσσα: | Greek English |
| Δημοσίευση: |
Αθήνα :
Μπουκουμάνης,
1975.
|
| Έκδοση: | 2η εκδ. |
| Θέματα: | |
| Ετικέτες: |
Προσθήκη ετικέτας
Δεν υπάρχουν, Καταχωρήστε ετικέτα πρώτοι!
|
MARC
| LEADER | 00000cam a2200000 i 4500 | ||
|---|---|---|---|
| 001 | 1/85856 | ||
| 008 | 980323s1975 gr | ||| |||| ||gre|| | ||
| 035 | |a 1998 |b 1 |c ΚΠΣ/Δημοτικής Εκπαίδευσης |l 10034805 | ||
| 040 | |a GR-MY-UA |b gre |e aacr | ||
| 041 | 1 | |a gre |h eng | |
| 082 | 7 | |a 926.1 |2 (22) | |
| 100 | 1 | |a Fromm, Erich, |d 1900-1980. | |
| 245 | 1 | 2 | |a Η αποστολή του Φρόϋντ : |b ανάλυση της προσωπικότητας και της επιρροής του / |c Erich Fromm ; μετάφραση: Δημ. Θεοδωρακάτου. |
| 250 | |a 2η εκδ. | ||
| 260 | |a Αθήνα : |b Μπουκουμάνης, |c 1975. | ||
| 300 | |a 126 σ. ; |c 21 εκ. | ||
| 500 | |a Τίτλος πρωτοτύπου: Sigmund Freud's mission. | ||
| 600 | 1 | 0 | |a Freud, Sigmund, |d 1856-1939. |
| 700 | 1 | |a Θεοδωρακάτος, Δημήτρης, |e trl | |
| 852 | |a INST |b RHODES |e 19980323 |h 926.1 FRO |p 005400010948 |q 005400010948 |t BK |y 0 | ||
| 901 | |a BIBL-1998-1 | ||
| 909 | |a Ρ |b 053201 | ||
| 970 | |z 23/03/1998 | ||